Normal view
MARC view
- TARGET ACQUISITION SEARCH THEORY
Entry Topical Term
001 - CONTROL NUMBER
- control field: 74581
003 - CONTROL NUMBER IDENTIFIER
- control field: NUST
005 - DATE AND TIME OF LATEST TRANSACTION
- control field: 20210628205240.0
008 - FIXED-LENGTH DATA ELEMENTS
- fixed length control field: 210628|| aca||aabn | a|a d
040 ## - CATALOGING SOURCE
- Original cataloging agency: NUST
- Transcribing agency: NUST
150 ## - HEADING--TOPICAL TERM
- Topical term or geographic name entry element: TARGET ACQUISITION SEARCH THEORY
670 ## - SOURCE DATA FOUND
- Source citation: Work cat.: (NUST): KOOPMAN, BERNARD OSGOOD 74580, SEARCH AND SCREENINGGENERAL PRINCIPLES WITH HOSTORICAL APPLICATIONS, 1979
